书目信息 |
| 题名: |
现代企业管理教程
|
|
| 作者: | 韩福荣 主编 | |
| 分册: | ||
| 出版信息: | 北京 北京工业大学出版社 2004.08 |
|
| 页数: | 460页 | |
| 开本: | 24cm | |
| 丛书名: | 经济与管理学科专业基础课系列教材 | |
| 单 册: | ||
| 中图分类: | F270 | |
| 科图分类: | ||
| 主题词: | 企业管理--高等学校--教材 | |
| 电子资源: | ||
| ISBN: | 7-5639-1418-8 | |
| 000 | 00969nam 2200265 450 | |
| 001 | 010563634859 | |
| 005 | 20050622163603.55 | |
| 010 | @a7-5639-1418-8@dCNY40.00 | |
| 100 | @a20050305d2004 km y0chiy0120 ea | |
| 101 | 0 | @achi |
| 102 | @aCN@b110000 | |
| 105 | @aa a 000yy | |
| 200 | 1 | @a现代企业管理教程@Axian dai qi ye guan li jiao cheng@f韩福荣主编@Fhan fu rong zhu bian |
| 210 | @a北京@c北京工业大学出版社@d2004.08 | |
| 215 | @a460页@c图@d24cm | |
| 225 | 2 | @a经济与管理学科专业基础课系列教材 |
| 300 | @a北京市高等学校教育教学改革试点立项研究成果 | |
| 320 | @a有书目。 | |
| 330 | @a本书论述了企业与管理、市场策划与营销管理、技术引进与技术创新、生产系统管理、质量管理、财务管理、人力资源管理、企业国际化经营、企业战略管理等基础理论。 | |
| 410 | 0 | @12001 @a经济与管理学科专业基础课系列教材 |
| 606 | 0 | @a企业管理@x高等学校@x教材 |
| 690 | @aF270@v4 | |
| 701 | 0 | @a韩福荣@Ahan fu rong@4主编 |
| 801 | 0 | @aCN@bRULIN@c20050622 |
| 905 | @a10447@dF270@eH077 | |
| 现代企业管理教程/韩福荣主编.-北京:北京工业大学出版社,2004.08 |
| 460页:图;24cm.-(经济与管理学科专业基础课系列教材) |
| 北京市高等学校教育教学改革试点立项研究成果 |
| ISBN 7-5639-1418-8:CNY40.00 |
| 本书论述了企业与管理、市场策划与营销管理、技术引进与技术创新、生产系统管理、质量管理、财务管理、人力资源管理、企业国际化经营、企业战略管理等基础理论。 |
| ● |
| 相关链接 |
|
|
|
正题名:现代企业管理教程
索取号:F270/H077
 
预约/预借
| 序号 | 登录号 | 条形码 | 馆藏地/架位号 | 状态 | 备注 |
| 1 | 520436 | 205204367 | 社科库409/409社科库 83排1列4层/ [索取号:F270/H077] | 在馆 | |
| 2 | 520437 | 205204376 | 社科库409/409社科库 83排1列4层/ [索取号:F270/H077] | 在馆 | |
| 3 | 520438 | 205204385 | 社科库409/409社科库 83排1列4层/ [索取号:F270/H077] | 在馆 |